000 00403nam a2200169Ia 4500
008 170705s9999 xx 000 0 und d
020 _a9780545377638
245 4 _aThe super-niceare super-annoying /
245 _cJamie Kelly.
260 _aNew York :
260 _bScholastic,
260 _c2012
300 _a125 pages :
300 _bcolor illustration ;
300 _c19cm.
500 _a880
999 _c336408
_d336408